E-business Implementation

Zapisane w:
Opis bibliograficzny
1. autor: Watt, Dougal
Format: Książka
Język:Undetermined
Wydane: Oxford Butterworth-Heinemann 2002
Hasła przedmiotowe:
Etykiety: Dodaj etykietę
Nie ma etykietki, Dołącz pierwszą etykiete!
Thư viện lưu trữ: Trung tâm Học liệu Trường Đại học Cần Thơ
LEADER 00512nam a2200193Ia 4500
001 CTU_88053
008 210402s9999 xx 000 0 und d
020 |c 58.79 
082 |a 608.054678 
082 |b W344 
100 |a Watt, Dougal 
245 0 |a E-business Implementation 
245 0 |c Dougal Watt 
260 |a Oxford 
260 |b Butterworth-Heinemann 
260 |c 2002 
650 |a Electronic commerce,Project management 
904 |i Năm 
980 |a Trung tâm Học liệu Trường Đại học Cần Thơ